| 000 | 00587cam a2200193 a 4500 | ||
|---|---|---|---|
| 001 | 000008426 | ||
| 005 | 20200929161336.0 | ||
| 008 | 750730s1969 mx 000 0 spa | ||
| 040 |
_aDO-SdBNP _bspa _cBNPHU |
||
| 082 |
_aCo863.44 _bS211m |
||
| 100 | 1 |
_aSánchez, Héctor. _922701 |
|
| 245 | 1 | 4 |
_aLas maniobras / _cHéctor Sánchez. |
| 260 |
_aMéxico, D. F. : _bJoaquín Mortiz, _c1969. |
||
| 300 |
_a298 p. ; _c20 cm. |
||
| 490 | 1 | _aNueva Narrativa Hispánica | |
| 650 | 4 |
_aNovela colombiana _91243 |
|
| 650 | 4 |
_aLiteratura colombiana _91244 |
|
| 830 | 0 |
_aNueva Narrativa Hispánica _922702 |
|
| 999 |
_c8197 _d8197 |
||